Kolektív autorov: Infekcionnyje i invazionnyje bolezni lošadej

Bibliographic Details
Main Author: Breza, Michal, 1925-2017 (Author)
Format: Article
Language:Slovak

MARC

LEADER 00000nab a2200000 a 4500
001 vtls010709931
003 SK-MaSNL
005 20260304191748.0
008 250709s1955 xo |||||||||||||||||slo|
035 |a (urnnbn)urn:nbn:sk:snk:ar-a04592 
035 |a (uuid)1a1b3855-6971-4d8c-9fd2-f4d43e70391d 
035 |a urn:nbn:sk:snk-ab3dfu 
040 |a SNKBUCL  |b slo  |c SNKBUCL  |e AACR2 
041 0 |a slo 
044 |a xo  |c SK 
100 1 |a Breza, Michal,  |d 1925-2017  |4 aut  |9 48878 
245 1 0 |a Kolektív autorov: Infekcionnyje i invazionnyje bolezni lošadej  |c M. Breza 
773 0 |t Veterinársky časopis  |g Roč. 4, č. 5 (1955), s. 327 
850 |a Slovenská národná knižnica 
852 |a Slovenská národná knižnica 
954 |a odborná, vedecká literatúra pôvodná (slovenská)  |2 lita 
958 |a article1 
958 |a OND 
958 |a EUIPO 
999 |c 3056331  |d 3058261